[Event "VIII Weekend A"]
[Site "Ceriano Laghetto ITA"]
[Date "1999.02.14"]
[Round "5"]
[White "Zanellato, Lorenzo"]
[Black "Lapiccirella, Mattia"]
[Result "0-1"]
[WhiteElo "1902"]
[BlackElo "2077"]
[PlyCount "118"]
[EventDate "1999.02.06"]

1. d4 Nf6 2. c4 g6 3. Nc3 Bg7 4. e4 d6 5. Nf3 O-O 6. Be2 e5 7. O-O Nc6 8. d5
Ne7 9. b4 a5 10. Ba3 axb4 11. Bxb4 Nd7 12. a4 Bh6 13. Nd2 f5 14. f3 Be3+ 15.
Kh1 Bc5 16. Bxc5 Nxc5 17. Nb3 Nxb3 18. Qxb3 Ra5 19. Nb5 b6 20. Qc3 Ra8 21. a5
bxa5 22. Rxa5 Rxa5 23. Qxa5 c5 24. Qa7 fxe4 25. fxe4 Bg4 26. Bf3 Nc8 27. Qa1
Qh4 28. Nc3 Bxf3 29. Rxf3 Rxf3 30. gxf3 Qf2 31. Qd1 Nb6 32. Qe2 Qxe2 33. Nxe2
Nxc4 34. Nc3 Kf7 35. Kg2 Ke7 36. Kf2 Na3 37. Ke3 Nc2+ 38. Kd3 Nd4 39. Ke3 h5
40. f4 Kf6 41. fxe5+ Kxe5 42. Nd1 Nc2+ 43. Kd3 Nb4+ 44. Ke3 g5 45. Nb2 Kf6 46.
Nc4 Ke7 47. h3 Nc2+ 48. Kd3 Ne1+ 49. Ke3 Ng2+ 50. Kf3 Nh4+ 51. Ke3 Ng6 52. Nd2
Nf4 53. Nf3 Nxh3 54. e5 g4 55. Nh4 dxe5 56. Ke4 Ng5+ 57. Kf5 Nf3 58. Ng6+ Kd6
59. Ke4 h4 0-1

[Event "VIII Weekend A"]
[Site "Ceriano Laghetto ITA"]
[Date "1999.02.14"]
[Round "6"]
[White "Agrifoglio, Fabio"]
[Black "Zanellato, Lorenzo"]
[Result "0-1"]
[WhiteElo "2028"]
[BlackElo "1902"]
[PlyCount "138"]
[EventDate "1999.02.06"]

1. d4 d5 2. c4 c6 3. Nc3 Nf6 4. Bg5 Ne4 5. Nxe4 dxe4 6. Qd2 g6 7. e3 Bg7 8. Ne2
h6 9. Bh4 c5 10. d5 Qb6 11. Nc3 g5 12. Bg3 Bf5 13. Nb5 Na6 14. Be2 O-O 15. O-O
Qf6 16. Rab1 Rfd8 17. a3 Bd7 18. Nc3 Qg6 19. Rfd1 Rac8 20. Qc1 h5 21. d6 e6 22.
h3 Nb8 23. Rd2 a6 24. Qd1 h4 25. Bh2 Nc6 26. Qc2 f5 27. Rf1 Ne5 28. Qd1 g4 29.
Bxe5 gxh3 30. Bg3 hxg3 31. Bh5 gxf2+ 32. Rfxf2 Qg3 33. Kh1 Be5 34. Qg1 Kh8 35.
Ne2 hxg2+ 36. Rxg2 Qh3+ 37. Rh2 Qxh2+ 38. Qxh2 Bxh2 39. Kxh2 Kg7 40. Nf4 Kf6
41. Rg2 Rg8 42. Bg6 Rc6 43. Rg3 Rxd6 44. Nh5+ Ke5 45. Kh3 Rd1 46. Kh4 Rh1+ 47.
Kg5 Be8 48. Nf4 Bxg6 49. Nxg6+ Kd6 50. Rg2 Kc6 51. Kf4 Re8 52. Ne5+ Kb6 53.
Nd7+ Kc6 54. Rg7 Kd6 55. Nf6 Rf1+ 56. Kg3 Re7 57. Rg5 Rg1+ 58. Kf4 Rxg5 59.
Kxg5 Rg7+ 60. Kf4 Rg1 61. b4 Rf1+ 62. Kg5 cxb4 63. axb4 b6 64. Ne8+ Ke7 65. Nc7
f4 66. exf4 e3 67. f5 Rxf5+ 68. Kg4 e2 69. Nd5+ Rxd5 0-1

[Event "VIII Weekend A"]
[Site "Ceriano Laghetto ITA"]
[Date "1999.02.14"]
[Round "6"]
[White "Barbero, Gerardo F."]
[Black "Cazzaniga, Walter"]
[Result "1/2-1/2"]
[WhiteElo "2462"]
[BlackElo "2151"]
[PlyCount "81"]
[EventDate "1999.02.06"]

1. d4 Nf6 2. c4 g6 3. Nc3 Bg7 4. e4 d6 5. h3 O-O 6. Nf3 c5 7. d5 e6 8. Bd3 exd5
9. cxd5 b5 10. Nxb5 Nxe4 11. Bxe4 Re8 12. Ng5 Qa5+ 13. Nc3 Ba6 14. Kd2 h6 15.
Ne6 fxe6 16. dxe6 d5 17. Bxd5 Nc6 18. e7+ Kh7 19. Bxc6 Rxe7 20. Bxa8 Bxc3+ 21.
Kc2 Re2+ 22. Qxe2 Bxe2 23. bxc3 Qa4+ 24. Kd2 Bb5 25. Rb1 Qxa2+ 26. Rb2 Qc4 27.
Rxb5 Qxb5 28. Be4 a5 29. Re1 Qc4 30. f4 a4 31. f5 Qa2+ 32. Ke3 gxf5 33. Bxf5+
Kg7 34. Bd2 a3 35. Rb1 Qd5 36. Be4 a2 37. Re1 Qb3 38. Ke2 Qb2 39. Bd5 a1=Q 40.
Rxa1 Qxa1 41. c4 1/2-1/2

[Event "VIII Weekend A"]
[Site "Ceriano Laghetto ITA"]
[Date "1999.02.14"]
[Round "6"]
[White "Crippa, Gabriele"]
[Black "Barlocco, Carlo"]
[Result "0-1"]
[WhiteElo "2148"]
[BlackElo "2245"]
[PlyCount "88"]
[EventDate "1999.02.06"]

1. d4 g6 2. Nf3 Bg7 3. c3 d6 4. Bg5 h6 5. Bh4 c6 6. Nbd2 Qb6 7. Qb3 Qxb3 8.
axb3 Nd7 9. Nc4 f5 10. e3 a6 11. b4 Ndf6 12. Bg3 Ne4 13. Nfd2 Ngf6 14. Bd3 Be6
15. Na5 Nxg3 16. hxg3 O-O-O 17. Ke2 Kc7 18. c4 Bd7 19. Rhc1 Kb8 20. Ra3 e5 21.
Kf1 exd4 22. exd4 Rhe8 23. Rb3 b6 24. b5 cxb5 25. cxb5 bxa5 26. bxa6+ Ka8 27.
Nc4 Nd5 28. Nxd6 Re7 29. Be2 Ba4 30. Ra3 Rxd6 31. Rxa4 Nb6 32. Rxa5 Bxd4 33. b4
Ka7 34. Rac5 Nd5 35. R5c4 Bb6 36. Bf3 Nf6 37. b5 Ne4 38. Rc8 Nd2+ 39. Kg1 Nxf3+
40. gxf3 Rd2 41. R8c6 Bxf2+ 42. Kh1 Bxg3 43. Rxg6 Bf4 44. Ra1 Rb2 0-1

[Event "VIII Weekend A"]
[Site "Ceriano Laghetto ITA"]
[Date "1999.02.14"]
[Round "6"]
[White "Everet, Alexandro"]
[Black "Lapiccirella, Mattia"]
[Result "1/2-1/2"]
[WhiteElo "2253"]
[BlackElo "2077"]
[PlyCount "86"]
[EventDate "1999.02.06"]

1. e4 c5 2. Nf3 Nc6 3. Nc3 d6 4. d3 Nf6 5. h3 e6 6. Be2 Be7 7. Bf4 a6 8. O-O
O-O 9. Qd2 b5 10. Rfe1 Bb7 11. Bf1 Qb6 12. g3 Nd7 13. Bg2 Nde5 14. Nh2 Nd4 15.
Be3 b4 16. Ne2 Nxe2+ 17. Rxe2 Nc6 18. f4 Nd4 19. Rf2 a5 20. c3 bxc3 21. bxc3
Nc6 22. h4 Rfd8 23. f5 Ne5 24. fxe6 fxe6 25. Bh3 d5 26. Bf4 Ng6 27. e5 d4 28.
Qb2 Qa6 29. c4 Nxf4 30. Rxf4 Qc6 31. Nf3 Rf8 32. Bxe6+ Qxe6 33. Qxb7 Rxf4 34.
gxf4 Qg4+ 35. Kh1 Rf8 36. Nh2 Qxh4 37. Qd5+ Kh8 38. Rf1 g6 39. Qe4 Bg5 40. f5
Rxf5 41. Qa8+ Kg7 42. Rxf5 gxf5 43. Qb7+ Be7 1/2-1/2

[Event "VIII Weekend A"]
[Site "Ceriano Laghetto ITA"]
[Date "1999.02.14"]
[Round "6"]
[White "Galli, Fabio"]
[Black "Candura, Stefano"]
[Result "1-0"]
[WhiteElo "1900"]
[BlackElo "2109"]
[PlyCount "111"]
[EventDate "1999.02.06"]

1. e4 e6 2. d4 d5 3. exd5 exd5 4. Bd3 Nc6 5. c3 Bd6 6. Qf3 Nge7 7. Ne2 Be6 8.
Bf4 Ng6 9. Bxd6 Qxd6 10. O-O O-O-O 11. Nd2 h5 12. Qg3 Qxg3 13. fxg3 Rhf8 14.
Bxg6 fxg6 15. Rxf8 Rxf8 16. Nf4 Rf6 17. Nf3 Bf7 18. Re1 Kd8 19. Ng5 Ne7 20.
Nfe6+ Bxe6 21. Nxe6+ Kd7 22. Nc5+ Ke8 23. Nxb7 Rb6 24. Na5 Kd7 25. b4 Re6 26.
Rxe6 Kxe6 27. Kf2 Nf5 28. Nc6 Nd6 29. Ke2 Nc8 30. b5 Kd6 31. Ne5 Ne7 32. Kd3
Ke6 33. a4 g5 34. c4 dxc4+ 35. Kxc4 Nd5 36. Nc6 Nb6+ 37. Kb4 Kd5 38. Nxa7 Kxd4
39. Nc6+ Ke3 40. a5 Nc8 41. a6 Kf2 42. a7 Nb6 43. Nd8 Kxg2 44. Ne6 Na8 45. Nxc7
Nxc7 46. b6 Nd5+ 47. Kc5 Nxb6 48. Kxb6 Kxh2 49. a8=Q Kxg3 50. Qa3+ Kh4 51. Qf3
g4 52. Qg2 g3 53. Kc5 Kg4 54. Kd4 h4 55. Ke3 h3 56. Qf3+ 1-0

[Event "VIII Weekend A"]
[Site "Ceriano Laghetto ITA"]
[Date "1999.02.14"]
[Round "6"]
[White "Pace, Roberto"]
[Black "Aglietti, Graziano"]
[Result "1/2-1/2"]
[WhiteElo "1839"]
[BlackElo "2039"]
[PlyCount "53"]
[EventDate "1999.02.06"]

1. c4 c5 2. Nc3 g6 3. g3 Bg7 4. Bg2 Nc6 5. f4 Nh6 6. Nf3 d6 7. d3 Nd4 8. O-O
Bg4 9. Be3 Qd7 10. Kh1 O-O 11. Qd2 Nxf3 12. Bxf3 Bxf3+ 13. Rxf3 f5 14. Raf1 Ng4
15. Bg1 Rac8 16. b3 e6 17. h3 Nf6 18. Kh2 a6 19. e4 b5 20. exf5 exf5 21. Re3 b4
22. Nd1 Nh5 23. Re2 Rfe8 24. Rfe1 Bc3 25. Rxe8+ Rxe8 26. Rxe8+ Qxe8 27. Qf2
1/2-1/2

[Event "VIII Weekend A"]
[Site "Ceriano Laghetto ITA"]
[Date "1999.02.14"]
[Round "6"]
[White "Tramalloni, Luca"]
[Black "Vancini, Edoardo"]
[Result "0-1"]
[WhiteElo "1909"]
[BlackElo "2249"]
[PlyCount "25"]
[EventDate "1999.02.06"]

1. d4 d5 2. c4 e6 3. Nc3 c6 4. e4 Bb4 5. e5 c5 6. Qg4 Ne7 7. Nf3 Nf5 8. Bd2 b5
9. Qf4 Nxd4 10. Nxd4 g5 11. Qxg5 Qxg5 12. Bxg5 cxd4 13. cxd5 0-1

[Event "I Open A"]
[Site "Magenta ITA"]
[Date "1999.11.25"]
[Round "1"]
[White "Everet, Alexandro"]
[Black "Bianchi, Alberto"]
[Result "1/2-1/2"]
[WhiteElo "2294"]
[BlackElo "1903"]
[PlyCount "105"]
[EventDate "1999.11.25"]

1.d4 Nf6 2.c4 g6 3.Nc3 Bg7 4.e4 O-O 5.Nf3 d6 6.h3 c5 7.Be3 Nbd7 8.Be2 a6 
9.Qd2 Qc7 10.Bh6 cxd4 11.Nxd4 e5 12.Bxg7 Kxg7 13.Nc2 Nc5 14.f3 Ne6 15.g3 
Nh5 16.Nd5 Qc5 17.b4 Qa7 18.O-O-O b5 19.Rdg1 Bb7 20.Nde3 a5 21.Qxd6 axb4 
22.Qxe5+ Kg8 23.Rd1 Qxa2 24.Ng4 Nhg7 25.Qb2 b3 26.Nce3 Qxb2+ 27.Kxb2 Ra2+ 
28.Kxb3 Rxe2 29.cxb5 Nh5 30.Rh2 Nxg3 31.Kb4 Rxh2 32.Nxh2 Ne2 33.Rd7 Bc8 
34.Ra7 N6d4 35.Nd5 Nxb5 36.Kxb5 Bxh3 37.Kc5 Be6 38.Rb7 Kg7 39.Kd6 Rd8+ 40.
Ke5 Nc1 41.Nf4 Nd3+ 42.Nxd3 Rxd3 43.Rb2 Bh3 44.Kf4 h6 45.Kg3 Be6 46.Nf1 g5
47.Kf2 h5 48.Rb5 Kg6 49.Rb8 Rb3 50.Rg8+ Kf6 51.Ng3 Rb2+ 52.Ke3 Rb3+ 53.Kf2
1/2-1/2

[Event "I Open A"]
[Site "Magenta ITA"]
[Date "1999.11.25"]
[Round "1"]
[White "Guerrini, Donato"]
[Black "Gorbatov, Alexej"]
[Result "0-1"]
[WhiteElo "1924"]
[BlackElo "2353"]
[PlyCount "98"]
[EventDate "1999.11.25"]

1.b4 d5 2.Nf3 Qd6 3.e3 Qxb4 4.Ba3 Qa5 5.c4 e6 6.Bxf8 Kxf8 7.Nc3 Nd7 8.Qb3 
Ngf6 9.Be2 Ke7 10.O-O Rd8 11.d4 Kf8 12.Rfc1 c6 13.Rab1 Nb6 14.c5 Nbd7 15.
Na4 Qc7 16.Qb2 Re8 17.h3 Rb8 18.Rc3 e5 19.Ra3 exd4 20.Nxd4 Ne4 21.Bf3 Ne5 
22.Be2 Bd7 23.Nc3 b6 24.cxb6 Rxb6 25.Rb3 Nxc3 26.Qxc3 c5 27.Nb5 Bxb5 28.
Rxb5 Reb8 29.a4 Rxb5 30.axb5 f6 31.Rd1 Rd8 32.Qc2 Kg8 33.f4 Ng6 34.Bf3 Ne7
35.Qa2 c4 36.e4 d4 37.Be2 Kh8 38.Qxc4 Qxf4 39.Bd3 Ng6 40.Rf1 Qb8 41.Ra1 
Ne5 42.Qc2 Rg8 43.Qd1 h6 44.Bf1 Qb6 45.Ra6 Qc5 46.Qh5 d3+ 47.Kh2 Qf2 48.
Bxd3 Qf4+ 49.g3 Qf2+ 0-1

[Event "I Open A"]
[Site "Magenta ITA"]
[Date "1999.11.25"]
[Round "1"]
[White "Lucchese, Paolo"]
[Black "Barlocco, Carlo"]
[Result "0-1"]
[WhiteElo "1875"]
[BlackElo "2161"]
[PlyCount "109"]
[EventDate "1999.11.25"]

1.e4 Nf6 2.e5 Nd5 3.c4 Nb6 4.c5 Nd5 5.Bc4 e6 6.d4 b6 7.cxb6 axb6 8.Nf3 Be7
9.O-O O-O 10.Nc3 Nxc3 11.bxc3 Ba6 12.Qd3 Qc8 13.Ng5 Bxg5 14.Bxg5 Bxc4 15.
Qxc4 Nc6 16.Qe2 Qa6 17.Qg4 Qd3 18.Rfd1 Qg6 19.Qh4 Ra4 20.Re1 Rfa8 21.h3 
Rxa2 22.Rxa2 Rxa2 23.Kh2 Qc2 24.Bf6 gxf6 25.Re3 Qxf2 26.Rg3+ Kf8 27.exf6 
d5 28.Qg5 Ke8 29.Qg8+ Kd7 30.Qxf7+ Kc8 31.Qxe6+ Kb7 32.f7 Qf4 33.Qxd5 Rf2 
34.f8=Q Qxf8 35.Rf3 Rxf3 36.gxf3 Qf4+ 37.Kg2 Qd2+ 38.Kg3 Qxc3 39.Qe4 Qxd4 
40.Qxh7 Qe5+ 41.Kg4 Qe2 42.h4 Ne5+ 43.Kf4 Nxf3 44.h5 Nd2 45.h6 Qf3+ 46.Ke5
Qe3+ 47.Kf6 Ne4+ 48.Kg7 Qd4+ 49.Kf8 Qf6+ 50.Kg8 Ng3 51.Qh8 Qd8+ 52.Kh7 
Qe7+ 53.Qg7 Qe4+ 54.Qg6 Nf5 55.Kh8 0-1

[Event "I Open A"]
[Site "Magenta ITA"]
[Date "1999.11.25"]
[Round "1"]
[White "Rossi, Giampiero"]
[Black "Tortora, Franco"]
[Result "1-0"]
[WhiteElo "2020"]
[BlackElo "1843"]
[PlyCount "99"]
[EventDate "1999.11.25"]

1.d4 Nf6 2.c4 c5 3.dxc5 e6 4.Nc3 Bxc5 5.Nf3 Nc6 6.a3 a5 7.Bg5 Be7 8.e3 h6 
9.Bh4 d6 10.Be2 Bd7 11.O-O g5 12.Bg3 e5 13.c5 dxc5 14.Nxe5 Nxe5 15.Bxe5 
Bc6 16.Bf3 Rc8 17.Qxd8+ Bxd8 18.Nd5 Bxd5 19.Bxd5 Be7 20.Bxb7 Rd8 21.Rfd1 
O-O 22.Bc7 Rde8 23.Bf3 g4 24.Be2 Ra8 25.Be5 h5 26.Bc4 Rad8 27.Kf1 Ne4 28.
Ke2 Nd6 29.Ba2 Ne4 30.Bc7 Rxd1 31.Rxd1 Bf6 32.f3 Ng5 33.Rd2 Ra8 34.Bd5 Ra6
35.Bc4 Ra8 36.a4 Ne6 37.Bb6 Rb8 38.Bxa5 Ra8 39.Bb6 Rxa4 40.Bxe6 fxe6 41.
Bxc5 Rc4 42.Bd4 e5 43.Bc3 gxf3+ 44.gxf3 Kf7 45.e4 Rc7 46.Rd5 Ke6 47.Ra5 h4
48.f4 h3 49.Ra6+ Kf7 50.Rxf6+ 1-0

[Event "I Open A"]
[Site "Magenta ITA"]
[Date "1999.11.26"]
[Round "2"]
[White "Barlocco, Carlo"]
[Black "Everet, Alexandro"]
[Result "0-1"]
[WhiteElo "2161"]
[BlackElo "2294"]
[PlyCount "150"]
[EventDate "1999.11.25"]

1.d4 Nf6 2.Bg5 b6 3.Bxf6 exf6 4.e3 Bb7 5.Nf3 g6 6.Be2 Bg7 7.O-O O-O 8.Nbd2
f5 9.c3 d6 10.a4 a6 11.Qc2 Re8 12.Rfe1 Nd7 13.Bd3 d5 14.b4 c5 15.bxc5 bxc5
16.Reb1 Qc7 17.c4 f4 18.cxd5 fxe3 19.fxe3 Rxe3 20.d6 Qc6 21.Rxb7 Qxb7 22.
Be4 Rxe4 23.Qxe4 Qxe4 24.Nxe4 cxd4 25.Rd1 Re8 26.Ned2 Nc5 27.Nc4 Bf6 28.
Nb6 Re6 29.Nd5 Rxd6 30.Nxf6+ Rxf6 31.Rxd4 Rb6 32.Ne5 Rb1+ 33.Kf2 Rb2+ 34.
Kg3 Kg7 35.Rc4 Rb3+ 36.Kf2 Rb2+ 37.Kg3 Nb7 38.Rc7 Nd6 39.Rc6 Nf5+ 40.Kh3 
Rb3+ 41.g3 Re3 42.Nd7 Re2 43.Rxa6 Ne3 44.g4 Nf1 45.g5 Rxh2+ 46.Kg4 Rg2+ 
47.Kf4 Rf2+ 48.Kg4 Ne3+ 49.Kh4 Rg2 50.Ra8 Nf5+ 51.Kh3 Rxg5 52.a5 Ne7 53.a6
Ra5 54.Nb6 Nc6 55.Nc4 Ra4 56.Nd6 h5 57.Ne8+ Kf8 58.Nf6+ Ke7 59.Ng8+ Ke6 
60.Re8+ Kd7 61.Nf6+ Kc7 62.Rh8 Rxa6 63.Nxh5 gxh5 64.Rxh5 Kd7 65.Rh7 Ne5 
66.Kg3 Ra4 67.Kf2 Ke6 68.Rh8 f5 69.Rd8 f4 70.Rd2 Kf5 71.Rc2 Ng4+ 72.Ke1 f3
73.Rc1 Kf4 74.Kf1 Kg3 75.Kg1 Ra2 0-1

[Event "I Open A"]
[Site "Magenta ITA"]
[Date "1999.11.26"]
[Round "2"]
[White "Bianchi, Alberto"]
[Black "Guerrini, Donato"]
[Result "0-1"]
[WhiteElo "1903"]
[BlackElo "1924"]
[PlyCount "92"]
[EventDate "1999.11.25"]

1.Nf3 b5 2.g3 Bb7 3.Bg2 Nf6 4.b3 g6 5.Bb2 Bg7 6.O-O O-O 7.d3 d6 8.a4 a6 9.
c4 b4 10.d4 Nbd7 11.Nbd2 e5 12.Qc2 exd4 13.Bxd4 Re8 14.Rfe1 Nf8 15.Rad1 
Ne6 16.Bb2 Nc5 17.Nh4 Bxg2 18.Nxg2 Nfe4 19.Bxg7 Kxg7 20.Nb1 Qf6 21.f3 Nc3 
22.Rc1 Nxb3 23.Qxb3 Nxe2+ 24.Rxe2 Rxe2 25.Qd3 Qb2 26.Ne1 Rae8 27.Rc2 Rxe1+
28.Kf2 Qxb1 29.Qd4+ f6 30.Rb2 Qxb2+ 31.Qxb2 R8e2+ 32.Qxe2 Rxe2+ 33.Kxe2 
Kf7 34.a5 Ke6 35.Kd3 Ke5 36.h3 g5 37.Ke3 b3 38.Kd3 b2 39.Kc2 Kd4 40.Kxb2 
Kxc4 41.Kc2 Kb5 42.Kd3 c5 43.Ke4 c4 44.Kf5 c3 45.Ke6 c2 46.Kf5 c1=Q 0-1

[Event "I Open A"]
[Site "Magenta ITA"]
[Date "1999.11.26"]
[Round "2"]
[White "Gorbatov, Alexej"]
[Black "Rossi, Giampiero"]
[Result "1-0"]
[WhiteElo "2353"]
[BlackElo "2020"]
[PlyCount "69"]
[EventDate "1999.11.25"]

1.c4 e6 2.d4 d5 3.e3 Nf6 4.Nf3 c6 5.Nbd2 Nbd7 6.b3 Be7 7.Bb2 O-O 8.Bd3 b6 
9.O-O Bb7 10.Qe2 Rc8 11.Rfd1 Qc7 12.Rac1 Qb8 13.Bb1 Rfd8 14.a3 h6 15.b4 c5
16.cxd5 Bxd5 17.dxc5 bxc5 18.b5 a6 19.a4 axb5 20.axb5 Bxf3 21.Nxf3 Qb7 22.
Ne5 Nxe5 23.Rxd8+ Rxd8 24.Bxe5 Nd7 25.Bf4 Nf8 26.h3 f6 27.Qc4 Kh8 28.Be4 
Qa7 29.Rb1 e5 30.b6 Qb8 31.Bg3 Qd6 32.b7 Rb8 33.f4 Ne6 34.fxe5 fxe5 35.Qd5
1-0

[Event "I Open A"]
[Site "Magenta ITA"]
[Date "1999.11.26"]
[Round "2"]
[White "Tortora, Franco"]
[Black "Lucchese, Paolo"]
[Result "0-1"]
[WhiteElo "1843"]
[BlackElo "1875"]
[PlyCount "96"]
[EventDate "1999.11.25"]

1.d4 c5 2.d5 e5 3.e4 d6 4.c4 Be7 5.Nc3 g6 6.Nge2 Nf6 7.Ng3 h5 8.h3 h4 9.
Nge2 Nh5 10.Be3 Bg5 11.Qd2 Bxe3 12.Qxe3 a6 13.a4 Nd7 14.Nc1 Qf6 15.Nd3 Nf8
16.Be2 Nf4 17.Nxf4 exf4 18.Qd2 Bd7 19.a5 Qg5 20.Na4 Bxa4 21.Rxa4 Nd7 22.
O-O Ne5 23.f3 Nd7 24.b4 cxb4 25.Rxb4 Nc5 26.Rb6 Rc8 27.Bd1 Qe5 28.Qb2 Qxb2
29.Rxb2 f6 30.Rb6 Ke7 31.Be2 Rc7 32.Rc1 Nd7 33.Rb4 Rb8 34.Rcb1 Kd8 35.Kf2 
Kc8 36.Ke1 Rc5 37.Ra1 Kc7 38.Kd2 b6 39.axb6+ Rxb6 40.Rxb6 Kxb6 41.Kc3 Ra5 
42.Rb1+ Kc7 43.Rb2 Ra1 44.Bd3 Nc5 45.Rd2 Ra3+ 46.Kd4 Nb3+ 47.Kc3 Nxd2+ 48.
Kxd2 Kb6 0-1

[Event "I Open A"]
[Site "Magenta ITA"]
[Date "1999.11.27"]
[Round "3"]
[White "Everet, Alexandro"]
[Black "Gorbatov, Alexej"]
[Result "1-0"]
[WhiteElo "2294"]
[BlackElo "2353"]
[PlyCount "137"]
[EventDate "1999.11.25"]

1.d4 a6 2.e4 e6 3.Be3 d5 4.e5 Bd7 5.a4 c5 6.dxc5 Qc7 7.Nf3 Nc6 8.Be2 Nxe5 
9.Nxe5 Qxe5 10.c3 Qc7 11.b4 Nf6 12.O-O Be7 13.Nd2 O-O 14.f4 b6 15.Nb3 Ne4 
16.Bd3 f5 17.Bxe4 fxe4 18.Qd2 Bf6 19.cxb6 Qxc3 20.Qxc3 Bxc3 21.Rac1 Bxb4 
22.Rc7 Bxa4 23.b7 Rae8 24.Bd4 Rf7 25.Rfc1 e3 26.Rxf7 Kxf7 27.Rc7+ Kg6 28.
Nc1 Bd6 29.Rxg7+ Kf5 30.Bxe3 Ke4 31.Ba7 Bb8 32.Bb6 h5 33.Ne2 Kd3 34.Kf2 h4
35.g3 Bd1 36.Nd4 Ba4 37.Nf3 hxg3+ 38.hxg3 Kc4 39.Ne5+ Kb5 40.Bd4 a5 41.g4 
Bc2 42.Ke3 a4 43.Nd7 a3 44.Kd2 Be4 45.Kc3 Bxf4 46.Kb3 Bd6 47.Ba7 Rh8 48.
b8=Q+ Bxb8 49.Bxb8 Rh3+ 50.Ka2 d4 51.Nf6 Bc2 52.Rb7+ Kc4 53.Rc7+ Kd3 54.
Ba7 e5 55.g5 Rg3 56.Rg7 Kd2 57.Bb8 Bb3+ 58.Kxa3 Bc2+ 59.Ka2 Bb3+ 60.Kb2 
Bc2 61.Bxe5 Rb3+ 62.Ka2 d3 63.Rh7 Ke3 64.Rh3+ Kf2 65.Ne4+ Kg2 66.Rh2+ Kg1 
67.Nd2 Rb5 68.Nf3+ Kf1 69.Bd4 1-0

[Event "I Open A"]
[Site "Magenta ITA"]
[Date "1999.11.27"]
[Round "3"]
[White "Guerrini, Donato"]
[Black "Barlocco, Carlo"]
[Result "0-1"]
[WhiteElo "1924"]
[BlackElo "2161"]
[PlyCount "128"]
[EventDate "1999.11.25"]

1.b4 e5 2.a3 d6 3.Bb2 f5 4.g3 Nf6 5.Bg2 g6 6.d3 Bg7 7.c4 O-O 8.Qb3 Qe7 9.
a4 c6 10.a5 Be6 11.Nf3 h6 12.Nbd2 Kh7 13.h3 Bg8 14.e4 fxe4 15.dxe4 Na6 16.
O-O Nc7 17.Qc2 Ne6 18.c5 dxc5 19.Nxe5 Rad8 20.Nxg6 Kxg6 21.e5+ Kf7 22.exf6
Bxf6 23.Bxf6 Qxf6 24.Ne4 Bh7 25.bxc5 Qe5 26.a6 bxa6 27.Rxa6 Bxe4 28.Rxa7+ 
Kf6 29.Bxe4 Nd4 30.Qd3 Qxc5 31.Rh7 Rg8 32.Rxh6+ Kf7 33.Bg6+ Kf8 34.Rh7 Rg7
35.Rh8+ Rg8 36.Rxg8+ Kxg8 37.Bh7+ Kh8 38.Be4 Qe5 39.Qe3 Rd6 40.Rb1 Re6 41.
Re1 Qf6 42.Kh1 Nc2 43.Qa7 Rxe4 44.Qb8+ Kg7 45.Qc7+ Kg6 46.Rxe4 Qf3+ 47.Kg1
Qxe4 48.Qd6+ Kf7 49.Qd7+ Kg8 50.Qd8+ Kh7 51.Qd7+ Kh6 52.Qd6+ Kg7 53.Qd7+ 
Kf6 54.Qd8+ Ke6 55.Qe8+ Kd5 56.Qf7+ Kd4 57.Qf6+ Kd3 58.Qd6+ Kc4 59.Qd2 c5 
60.h4 Kb3 61.Qh6 Nb4 62.h5 c4 63.Qb6 c3 64.h6 c2 0-1

[Event "I Open A"]
[Site "Magenta ITA"]
[Date "1999.11.27"]
[Round "3"]
[White "Rossi, Giampiero"]
[Black "Lucchese, Paolo"]
[Result "1-0"]
[WhiteElo "2020"]
[BlackElo "1875"]
[PlyCount "54"]
[EventDate "1999.11.25"]

1.d4 Nf6 2.c4 e6 3.Nc3 d5 4.cxd5 exd5 5.Bg5 Be7 6.e3 c6 7.Qc2 Bg4 8.Bd3 
Bh5 9.Nge2 Bg6 10.Nf4 Bxd3 11.Nxd3 Nbd7 12.O-O O-O 13.b4 a6 14.a4 Nh5 15.
Bxe7 Qxe7 16.b5 f5 17.bxc6 bxc6 18.Ne2 Rf6 19.Rab1 g5 20.Rb7 Qd6 21.Rfb1 
f4 22.Ne5 Rd8 23.exf4 gxf4 24.R1b6 f3 25.Nxf3 Ng7 26.Rxa6 Rg6 27.Raa7 Qf6 
1-0

[Event "I Open A"]
[Site "Magenta ITA"]
[Date "1999.11.27"]
[Round "3"]
[White "Tortora, Franco"]
[Black "Bianchi, Alberto"]
[Result "0-1"]
[WhiteElo "1843"]
[BlackElo "1903"]
[PlyCount "94"]
[EventDate "1999.11.25"]

1.d4 Nf6 2.c4 g6 3.Nc3 Bg7 4.e4 O-O 5.Nge2 d6 6.Ng3 Nbd7 7.Be2 c5 8.d5 a6 
9.a4 Rb8 10.O-O Ne8 11.Be3 Nc7 12.Qd2 Nf6 13.Bh6 Bd7 14.Bxg7 Kxg7 15.f4 b5
16.e5 Ng8 17.axb5 axb5 18.b3 Rb6 19.Nge4 Qb8 20.f5 dxe5 21.Qg5 Nf6 22.fxg6
Nxe4 23.Nxe4 f6 24.Qe3 hxg6 25.Qxc5 Rf7 26.Qe3 bxc4 27.Bxc4 Nb5 28.Ra2 Nd4
29.Nd2 Rf8 30.Rfa1 Bf5 31.Ra8 Qxa8 32.Rxa8 Rxa8 33.h3 Rab8 34.Qc3 Bc2 35.
Qa5 Bxb3 36.Qc5 R8b7 37.Nxb3 Nxb3 38.Qc8 Rb8 39.Qd7 R6b7 40.Qe6 Nd4 41.Qg4
Nf5 42.Ba6 Rb1+ 43.Kh2 R8b4 44.Qe2 R1b2 45.Qd3 Nh4 46.Qf1 Nxg2 47.Be2 Nf4 
0-1

[Event "I Open A"]
[Site "Magenta ITA"]
[Date "1999.11.27"]
[Round "4"]
[White "Gorbatov, Alexej"]
[Black "Barlocco, Carlo"]
[Result "1-0"]
[WhiteElo "2353"]
[BlackElo "2161"]
[PlyCount "49"]
[EventDate "1999.11.25"]

1.e4 Nf6 2.e5 Nd5 3.c4 Nb6 4.d4 d6 5.exd6 exd6 6.Be2 Be7 7.Nf3 O-O 8.O-O 
Nc6 9.b3 Bf6 10.Bb2 Bg4 11.Nbd2 Re8 12.h3 Bh5 13.Re1 a5 14.a3 Bg5 15.d5 
Bxd2 16.Qxd2 Bxf3 17.Bxf3 Ne5 18.Be4 Qh4 19.Qd4 Re7 20.f4 Nf3+ 21.Bxf3 
Rxe1+ 22.Kh2 Kf8 23.Qxg7+ Ke8 24.Rxe1+ Qxe1 25.Qh8+ 1-0

[Event "I Open A"]
[Site "Magenta ITA"]
[Date "1999.11.27"]
[Round "4"]
[White "Guerrini, Donato"]
[Black "Tortora, Franco"]
[Result "1-0"]
[WhiteElo "1924"]
[BlackElo "1843"]
[PlyCount "136"]
[EventDate "1999.11.25"]

1.e4 e6 2.d4 d5 3.exd5 exd5 4.Bd3 c5 5.Be3 Qb6 6.dxc5 Qxb2 7.Bd4 Qb4+ 8.c3
Qa5 9.Nd2 Qd8 10.Rb1 Nc6 11.Ne2 Nxd4 12.cxd4 Nf6 13.O-O Be7 14.Qa4+ Kf8 
15.Rfe1 g6 16.Nf3 Kg7 17.Ne5 Qc7 18.Nc3 a6 19.h3 Be6 20.Qb4 Rhb8 21.Na4 
Qd8 22.Nb6 Ra7 23.Qa4 Qc7 24.Rb2 Rd8 25.Qd1 Ne4 26.Qc2 Bxc5 27.Rc1 Bxb6 
28.Qxc7 Bxc7 29.Rxc7 Nd6 30.Nc6 Rc8 31.Rxc8 Nxc8 32.Nxa7 Nxa7 33.Rxb7 Nc6 
34.Bxa6 Nxd4 35.a4 Nc6 36.Bb5 Na5 37.Ra7 Nb3 38.a5 Nxa5 39.Rxa5 Kf6 40.Kf1
Ke5 41.Ke1 Kd4 42.Kd2 h5 43.Bd3 Ke5 44.Ke3 g5 45.Be2 h4 46.Bg4 f5 47.Bd1 
Bf7 48.Ra4 Be8 49.f4+ gxf4+ 50.Rxf4 Bb5 51.Rxh4 Bd7 52.Rh7 Bc8 53.Re7+ Kf6
54.Rc7 Be6 55.Rc6 Ke5 56.Rxe6+ Kxe6 57.Kd4 Kd6 58.Bf3 Ke6 59.Bxd5+ Kf6 60.
Ba2 Kg5 61.Bb1 Kf4 62.Bxf5 Kxf5 63.g4+ Kf4 64.Kd5 Kg5 65.Ke6 Kg6 66.h4 Kg7
67.Ke7 Kg6 68.Kf8 Kf6 1-0

[Event "I Open A"]
[Site "Magenta ITA"]
[Date "1999.11.28"]
[Round "5"]
[White "Barlocco, Carlo"]
[Black "Rossi, Giampiero"]
[Result "1-0"]
[WhiteElo "2161"]
[BlackElo "2020"]
[PlyCount "49"]
[EventDate "1999.11.25"]

1.c4 e6 2.Nc3 d5 3.d4 c6 4.Nf3 Nf6 5.e3 Nbd7 6.Qc2 Bd6 7.Be2 O-O 8.O-O 
dxc4 9.Bxc4 b5 10.Be2 Bb7 11.e4 e5 12.Rd1 Qc7 13.Bg5 Rfe8 14.Rac1 a6 15.
dxe5 Nxe5 16.Bxf6 gxf6 17.Nd4 Ng6 18.g3 Bf8 19.Nd5 Qd6 20.Nf5 Qe6 21.Nc7 
Qxe4 22.Nxe8 Rxe8 23.Qxe4 Rxe4 24.Bf3 Re6 25.Rd7 1-0

[Event "I Open A"]
[Site "Magenta ITA"]
[Date "1999.11.28"]
[Round "5"]
[White "Bianchi, Alberto"]
[Black "Gorbatov, Alexej"]
[Result "1-0"]
[WhiteElo "1903"]
[BlackElo "2353"]
[PlyCount "149"]
[EventDate "1999.11.25"]

1.c4 b6 2.Nf3 Bb7 3.g3 e5 4.Bg2 g6 5.Nc3 Bg7 6.O-O Ne7 7.Qb3 O-O 8.a4 Nbc6
9.d3 Na5 10.Qc2 c5 11.Nb5 d5 12.Nd2 a6 13.Na3 Nac6 14.Nb3 Rc8 15.Bg5 Qd7 
16.cxd5 Nxd5 17.Nc4 Nd4 18.Nxd4 cxd4 19.Qb3 Rb8 20.Bd2 b5 21.axb5 axb5 22.
Na5 Ba8 23.Rfc1 Rfc8 24.Rxc8+ Rxc8 25.Rc1 Rxc1+ 26.Bxc1 Bf8 27.Bd2 Kg7 28.
Qa2 Qd8 29.Qb3 b4 30.Nc4 Qc8 31.Bxd5 Bxd5 32.Bxb4 Bxb4 33.Qxb4 Qe6 34.Qc5 
Kg8 35.Nb6 Bb7 36.Qc7 Qc6 37.Qxc6 Bxc6 38.Kf1 Kf8 39.Ke1 Ke7 40.Nc4 Ke6 
41.b4 h5 42.f3 g5 43.Kf2 f5 44.Na3 f4 45.b5 Bd5 46.gxf4 exf4 47.Nc2 Ke5 
48.Nb4 Bb7 49.Na6 Kd6 50.Nb4 Kc5 51.Nc2 Ba8 52.b6 Bb7 53.h4 gxh4 54.Kg2 
Bc8 55.b7 Bxb7 56.Kh3 Bc6 57.Kxh4 Ba4 58.Ne1 Bd1 59.Kxh5 Bxe2 60.Kg4 Kb4 
61.Kxf4 Kc3 62.Ke4 Kd2 63.Kxd4 Kxe1 64.Ke3 Bf1 65.f4 Bh3 66.d4 Bd7 67.Ke4 
Kd2 68.f5 Kc3 69.f6 Be8 70.Kd5 Bf7+ 71.Kc5 Kd3 72.d5 Ke4 73.d6 Be6 74.f7 
Bxf7 75.d7 1-0

[Event "I Open A"]
[Site "Magenta ITA"]
[Date "1999.11.28"]
[Round "5"]
[White "Everet, Alexandro"]
[Black "Guerrini, Donato"]
[Result "1-0"]
[WhiteElo "2294"]
[BlackElo "1924"]
[PlyCount "45"]
[EventDate "1999.11.25"]

1.d4 b5 2.e4 a6 3.Be3 Bb7 4.Nd2 d6 5.c4 bxc4 6.Bxc4 Nd7 7.Qb3 d5 8.Bxd5 
Bxd5 9.Qxd5 Ngf6 10.Qc6 e6 11.Ngf3 Rb8 12.Rb1 Qc8 13.O-O Rb6 14.Qc2 Be7 
15.d5 c5 16.Nc4 exd5 17.Nxb6 Nxb6 18.exd5 Nfxd5 19.Rfe1 O-O 20.a3 Nd7 21.
Rbd1 N7f6 22.Bg5 Qc7 23.Qe2 1-0